| 000 | 00541nam a22001817a 4500 | ||
|---|---|---|---|
| 003 | OSt | ||
| 005 | 20130620103140.0 | ||
| 008 | 130613s2010 sp ||||| |||| 00| 0 spa d | ||
| 020 | _a9788498882032 | ||
| 040 | _cCDMR | ||
| 100 | 1 |
_9860 _aGallego Ayala, Juana |
|
| 245 | 1 | 0 |
_aEva devuelve la costilla _b: el nuevo estado de conciencia de las mujeres _cJuana Gallego Ayala |
| 260 |
_aBarcelona _bIcaria _c2010 |
||
| 300 | _a199 p. | ||
| 490 | 0 |
_aAntrazyt. _aMujeres, Voces y Propuestas _v319 |
|
| 650 | 0 | 4 |
_93167 _aEstudis de dones |
| 942 |
_2udc _cMON |
||
| 999 |
_c6458 _d6458 |
||